| 000 | 00545nam a2200193Ia 4500 | ||
|---|---|---|---|
| 005 | 20250923150255.0 | ||
| 008 | 008 250917s9999 xx 000 0 eng d | ||
| 037 | _aTextual | ||
| 040 |
_aDSWL _beng _cDSWL |
||
| 041 |
_aeng _2eng |
||
| 084 |
_aZ(Y:2), P9 _qDSWL |
||
| 100 |
_aRoohi,S _9844172 |
||
| 245 | 0 |
_aKey texts on social justice in India _cby S Roohi |
|
| 260 |
_aNew Delhi _b Sage Publication _c2009 |
||
| 300 | _a595 p. | ||
| 650 |
_a R SAMADDAR _9844173 |
||
| 942 |
_cTEXL _hZ(Y:2), P9 |
||
| 999 |
_c1461557 _d1461557 |
||